50 most common German words - Statistics

General Stats
  • This quiz has been taken 114 times
  • The average score is 25 of 50
Answer Stats
German % Correct
40 Da
85%
4 Ich
85%
3 Du
81%
6 Die
78%
10 Der
77%
9 Sie
77%
17 Sie
77%
1 Das
73%
14 Ein
71%
15 Er
70%
2 Ist
68%
20 Ja
67%
12 Wir
67%
42 Bin
66%
41 Nein
65%
22 Den
62%
7 Es
62%
39 Habe
57%
28 Eine
52%
8 Und
52%
11 Was
51%
21 Wie
48%
32 Sind
46%
35 War
46%
36 Haben
45%
30 Hat
44%
5 Nicht
44%
13 Zu
43%
26 So
42%
45 Uns
42%
23 Auf
41%
16 In
41%
24 Mich
41%
34 Dich
40%
49 Kann
39%
29 Wenn
35%
50 Dem
34%
37 Für
34%
18 Mir
34%
19 Mit
33%
33 Von
33%
48 Einen
31%
44 Dir
30%
38 An
29%
25 Dass
27%
46 Sich
24%
27 Hier
19%
31 All
18%
43 Noch
16%
47 Nur
15%
No matching quizzes found
Score Distribution
Percent of People with Each Score
Percentile by Number Answered
Your Score History
You have not taken this quiz